[Event "POL-chT 2nd League"]
[Site "Jastrzebia Gora"]
[Date "2023.09.07"]
[Round "6.65"]
[White "Pyrzewski, Kamil"]
[Black "Rams, Michal"]
[Result "0-1"]
[WhiteElo "1544"]
[BlackElo "2093"]
[PlyCount "96"]
[EventDate "2023.09.02"]
[EventType "team-swiss"]
[EventRounds "9"]
[EventCountry "POL"]
[SourceTitle "EXT 2024"]
[Source "ChessBase"]
[SourceDate "2023.10.10"]
[SourceVersion "1"]
[SourceVersionDate "2023.10.10"]
[SourceQuality "1"]
[WhiteTeam "Grudziadz Rotmistrz"]
[BlackTeam "Warszawa YMCA"]
[WhiteTeamCountry "POL"]
[BlackTeamCountry "POL"]

1. d4 g6 2. Nf3 Bg7 3. c4 d6 4. Nc3 Nd7 5. e4 e5 6. d5 Ne7 7. Be2 0-0 8. h4 Nf6 9. Nh2 c6 10. Be3 b5 11. dxc6 bxc4 12. Qd2 Nxc6 13. Rd1 Nd4 14. Bxc4 Bb7 15. Qd3 Nxe4 16. Nxe4 d5 17. Bxd5 Qxd5 18. f3 Qxa2 19. Nc3 Qe6 20. h5 gxh5 21. Ne4 Qg6 22. Kf2 h4 23. Ng5 Rac8 24. Qxg6 hxg6 25. Rc1 Nf5 26. Ne4 Rxc1 27. Bxc1 Bxe4 28. fxe4 Ng3 29. Rd1 Nxe4+ 30. Kf3 f5 31. Rd7 Rf7 32. Rd8+ Kh7 33. Nf1 Bh6 34. Be3 Rb7 35. b4 Bxe3 36. Nxe3 Rxb4 37. Rd7+ Kh6 38. Rxa7 Rb2 39. Nc4 Nd2+ 40. Nxd2 Rxd2 41. Re7 e4+ 42. Kf4 Rxg2 43. Ke5 Kg5 44. Ra7 h3 45. Ra1 h2 46. Rh1 e3 47. Kd4 e2 48. Kd3 Rg1 0-1

[Event "POL-chT 2nd League"]
[Site "Jastrzebia Gora"]
[Date "2019.09.10"]
[Round "4.10"]
[White "Parol, Pola"]
[Black "Rams, Michal"]
[Result "1-0"]
[WhiteElo "2062"]
[BlackElo "2175"]
[PlyCount "47"]
[EventDate "2019.09.07"]
[EventType "team-swiss"]
[EventRounds "9"]
[EventCountry "POL"]
[SourceTitle "EXT 2020"]
[Source "ChessBase"]
[SourceDate "2019.10.17"]
[SourceVersion "1"]
[SourceVersionDate "2019.10.17"]
[SourceQuality "1"]
[WhiteTeam "Minsk Mazowiecki MTSz"]
[BlackTeam "Warszawa YMCA"]
[WhiteTeamCountry "POL"]
[BlackTeamCountry "POL"]

1. e4 g6 2. d4 Bg7 3. Nc3 d6 4. f4 a6 5. Nf3 b5 6. Bd3 Nd7 7. a4 b4 8. Ne2 c5 9. c3 bxc3 10. bxc3 Qc7 11. 0-0 Bb7 12. Rb1 Rb8 13. Bd2 c4 14. Bc2 Ngf6 15. Ng3 0-0 16. Qe2 e6 17. e5 Nd5 18. Ne4 dxe5 19. fxe5 a5 20. Nd6 N7b6 21. Ng5 Qd7 22. Ngxf7 Nxa4 23. Bxa4 Qxa4 24. Nxb7 1-0

[Event "POL-chT 1st League"]
[Site "Poronin"]
[Date "2017.09.07"]
[Round "6.1"]
[White "Bartel, Michal"]
[Black "Rams, Michal"]
[Result "1-0"]
[WhiteElo "2337"]
[BlackElo "2183"]
[PlyCount "77"]
[EventDate "2017.09.02"]
[EventType "team-tourn"]
[EventRounds "9"]
[EventCountry "POL"]
[SourceTitle "CBM 180 Extra"]
[Source "ChessBase"]
[SourceDate "2017.10.06"]
[SourceVersion "1"]
[SourceVersionDate "2017.10.06"]
[SourceQuality "1"]
[WhiteTeam "Wrzos Miedzyborow"]
[BlackTeam "Warsaw YMCA"]
[WhiteTeamCountry "POL"]
[BlackTeamCountry "POL"]

1. g3 g6 2. Bg2 Bg7 3. e4 d6 4. d4 Nf6 5. Ne2 0-0 6. 0-0 e5 7. h3 Re8 8. Nbc3 a6 9. a4 Bd7 10. Be3 exd4 11. Nxd4 c5 12. Nb3 Bc6 13. Qd3 b5 14. axb5 axb5 15. Rxa8 Bxa8 16. Qxb5 Nxe4 17. Nxe4 Bxe4 18. Bxe4 Rxe4 19. Rd1 Qc7 20. Qd3 Qe7 21. Qxd6 Rxe3 22. Qxe7 Rxe7 23. Rd8+ Bf8 24. Rxb8 Kg7 25. Kf1 Rc7 26. c3 h5 27. Ke2 Be7 28. Ke3 f5 29. h4 g5 30. hxg5 Bxg5+ 31. Kf3 h4 32. gxh4 Bxh4 33. Rb5 Be7 34. Kf4 Kg6 35. Ke5 c4 36. Nd4 Bf6+ 37. Kd6 Rh7 38. Nxf5 Rh2 39. Ng3 1-0

[Event "POL-chT 1st League"]
[Site "Poronin"]
[Date "2017.09.03"]
[Round "2.1"]
[White "Musialkiewicz, Pawel"]
[Black "Rams, Michal"]
[Result "1/2-1/2"]
[WhiteElo "2266"]
[BlackElo "2183"]
[PlyCount "71"]
[EventDate "2017.09.02"]
[EventType "team-tourn"]
[EventRounds "9"]
[EventCountry "POL"]
[SourceTitle "CBM 180 Extra"]
[Source "ChessBase"]
[SourceDate "2017.10.06"]
[SourceVersion "1"]
[SourceVersionDate "2017.10.06"]
[SourceQuality "1"]
[WhiteTeam "Chrobry Gniezno"]
[BlackTeam "Warsaw YMCA"]
[WhiteTeamCountry "POL"]
[BlackTeamCountry "POL"]

1. d4 g6 2. c4 Bg7 3. g3 d6 4. Bg2 Nd7 5. Nf3 e5 6. dxe5 dxe5 7. Nc3 Ngf6 8. Bg5 0-0 9. 0-0 h6 10. Bxf6 Qxf6 11. Nd2 c6 12. b4 Qe7 13. Rb1 f5 14. Qb3 e4 15. c5+ Kh7 16. Nd1 Ne5 17. Ne3 Be6 18. Qc2 Rad8 19. Rfd1 Rd7 20. Nb3 Rfd8 21. Rxd7 Rxd7 22. Na5 b6 23. cxb6 axb6 24. Nac4 Nxc4 25. Nxc4 Bxc4 26. Qxc4 Rd2 27. e3 Qa7 28. g4 Qxa2 29. Qxa2 Rxa2 30. gxf5 gxf5 31. Rc1 Ra1 32. Rxa1 Bxa1 33. f3 exf3 34. Bxf3 c5 35. bxc5 bxc5 36. Bd5 1/2-1/2

[Event "POL-chT 2nd League"]
[Site "Jastrzebia Gora"]
[Date "2016.09.03"]
[Round "1.46"]
[White "Pochcial, Jan"]
[Black "Rams, Michal"]
[Result "1/2-1/2"]
[WhiteElo "2009"]
[BlackElo "2199"]
[PlyCount "70"]
[EventDate "2016.09.03"]
[EventType "team-swiss"]
[EventRounds "9"]
[EventCountry "POL"]
[SourceTitle "EXT 2017"]
[Source "ChessBase"]
[SourceDate "2016.10.25"]
[SourceVersion "1"]
[SourceVersionDate "2016.10.25"]
[SourceQuality "1"]
[WhiteTeam "Ruda Slaska KS DORS"]
[BlackTeam "Warszawa YMCA"]
[WhiteTeamCountry "POL"]
[BlackTeamCountry "POL"]

1. e4 g6 2. d4 Bg7 3. Nc3 d6 4. f4 a6 5. Nf3 b5 6. Bd3 Nd7 7. a4 b4 8. Ne2 c5 9. c3 bxc3 10. bxc3 Qc7 11. 0-0 Nh6 12. Qe1 cxd4 13. cxd4 Nc5 14. Ra3 Nxd3 15. Rxd3 Qc4 16. Qd1 Bd7 17. Qb3 Qxb3 18. Rxb3 Bxa4 19. Rb4 Bd7 20. Ba3 0-0 21. h3 Rfc8 22. g4 Bb5 23. Kf2 f6 24. Rc1 Rxc1 25. Bxc1 Rc8 26. Bd2 Rc4 27. Rb2 e5 28. dxe5 dxe5 29. fxe5 fxe5 30. Nc3 Bc6 31. Rb8+ Kf7 32. Bxh6 Rxc3 33. Ng5+ Kf6 34. Nxh7+ Kf7 35. Ng5+ Kf6 1/2-1/2

[Event "POL-chT 2nd League"]
[Site "Szczyrk"]
[Date "2014.09.13"]
[Round "8.53"]
[White "Rams, Michal"]
[Black "Krasiewicz, Robert"]
[Result "1-0"]
[WhiteElo "2234"]
[BlackElo "1990"]
[PlyCount "36"]
[EventDate "2014.09.06"]
[EventType "team-swiss"]
[EventRounds "9"]
[EventCountry "POL"]
[SourceTitle "EXT 2015"]
[Source "ChessBase"]
[SourceDate "2014.11.20"]
[SourceVersion "1"]
[SourceVersionDate "2014.11.20"]
[SourceQuality "1"]
[WhiteTeam "Warszawa YMCA"]
[BlackTeam "Zielonka Zieloni"]
[WhiteTeamCountry "POL"]
[BlackTeamCountry "POL"]

1. e4 d5 2. exd5 Qxd5 3. Nc3 Qd8 4. Bc4 Nf6 5. d4 c6 6. Nf3 Bg4 7. Bxf7+ Kxf7 8. Ne5+ Kg8 9. Nxg4 Nbd7 10. 0-0 h5 11. Ne5 Nxe5 12. dxe5 Ng4 13. Qe2 Qd4 14. Re1 e6 15. h3 Nh6 16. Qxh5 Nf7 17. Qg4 Bc5 18. Ne4 Be7 1-0

[Event "POL-chT 2nd League"]
[Site "Szczyrk"]
[Date "2014.09.06"]
[Round "1.41"]
[White "Platek, Michal"]
[Black "Rams, Michal"]
[Result "0-1"]
[WhiteElo "1942"]
[BlackElo "2234"]
[PlyCount "76"]
[EventDate "2014.09.06"]
[EventType "team-swiss"]
[EventRounds "9"]
[EventCountry "POL"]
[SourceTitle "EXT 2015"]
[Source "ChessBase"]
[SourceDate "2014.11.20"]
[SourceVersion "1"]
[SourceVersionDate "2014.11.20"]
[SourceQuality "1"]
[WhiteTeam "Myslenice MLKSz"]
[BlackTeam "Warszawa YMCA"]
[WhiteTeamCountry "POL"]
[BlackTeamCountry "POL"]

1. e4 g6 2. d4 Bg7 3. Nc3 d6 4. Be3 a6 5. a4 b6 6. Nf3 Nd7 7. Bc4 e6 8. Qd2 h6 9. d5 e5 10. Bd3 Ne7 11. Nh4 Nc5 12. Bxc5 bxc5 13. g3 0-0 14. 0-0 Qe8 15. Ng2 f5 16. f3 Kh7 17. Rfb1 a5 18. Nb5 Qd7 19. Bc4 h5 20. c3 f4 21. gxf4 Bh6 22. Qf2 Bxf4 23. Nxf4 Rxf4 24. Qg3 Bb7 25. Rf1 Raf8 26. Kh1 R8f6 27. Rad1 c6 28. dxc6 Bxc6 29. Qg5 Nc8 30. Bd5 Bxb5 31. axb5 Qxb5 32. b3 Nb6 33. c4 Qd7 34. Qg2 Kh6 35. Ra1 Nxd5 36. cxd5 Qb5 37. Rab1 Qd3 38. Ra1 Rxf3 0-1

[Event "POL-chT2"]
[Site "Poronin"]
[Date "2013.09.14"]
[Round "8.22"]
[White "Rams, Michal"]
[Black "Perdek, Miroslaw"]
[Result "1/2-1/2"]
[WhiteElo "2249"]
[BlackElo "2245"]
[PlyCount "109"]
[EventDate "2013.09.06"]
[EventType "team-swiss"]
[EventRounds "9"]
[EventCountry "POL"]
[SourceTitle "EXT 2015"]
[Source "ChessBase"]
[SourceDate "2014.11.20"]
[SourceVersion "1"]
[SourceVersionDate "2014.11.20"]
[SourceQuality "1"]
[WhiteTeam "Warszawa YMCA"]
[BlackTeam "Wroclaw KS Polonia Votum II"]
[WhiteTeamCountry "POL"]
[BlackTeamCountry "POL"]

1. d4 d5 2. Nf3 Nf6 3. Bf4 c5 4. e3 Nc6 5. Nbd2 Qb6 6. dxc5 Qxc5 7. Nb3 Qb6 8. Be2 e6 9. 0-0 Be7 10. a4 0-0 11. a5 Qd8 12. h3 a6 13. Nfd4 Bd7 14. Nxc6 Bxc6 15. Nd4 Rc8 16. c3 Bd6 17. Nxc6 Rxc6 18. Bxd6 Qxd6 19. Bd3 Rd8 20. Ra4 Qc7 21. Rb4 h6 22. Bc2 Rc5 23. g4 Rc4 24. Rxc4 dxc4 25. Qe2 Rd5 26. Rd1 g6 27. Rd4 Rxd4 28. exd4 Qxa5 29. Bxg6 Qg5 30. Bc2 b5 31. Qe3 Nd5 32. Qe4 Kf8 33. Kh2 Ke7 34. b3 cxb3 35. Bxb3 Qf4+ 36. Qxf4 Nxf4 37. c4 Ne2 38. cxb5 axb5 39. d5 Nc1 40. Bd1 exd5 41. Kg3 Kd6 42. f4 b4 43. g5 hxg5 44. fxg5 b3 45. Kf4 b2 46. Bc2 Ne2+ 47. Ke3 Nc3 48. h4 Ke5 49. h5 Ne4 50. g6 fxg6 51. hxg6 d4+ 52. Ke2 Ng3+ 53. Kd2 Nh5 54. Bb1 Kd5 55. Kc2 1/2-1/2

[Event "POL-chT2"]
[Site "Poronin"]
[Date "2013.09.13"]
[Round "7.16"]
[White "Plichta, Kamil"]
[Black "Rams, Michal"]
[Result "1-0"]
[WhiteElo "2227"]
[BlackElo "2249"]
[PlyCount "125"]
[EventDate "2013.09.06"]
[EventType "team-swiss"]
[EventRounds "9"]
[EventCountry "POL"]
[SourceTitle "EXT 2015"]
[Source "ChessBase"]
[SourceDate "2014.11.20"]
[SourceVersion "1"]
[SourceVersionDate "2014.11.20"]
[SourceQuality "1"]
[WhiteTeam "Gostynin Gostmat 83"]
[BlackTeam "Warszawa YMCA"]
[WhiteTeamCountry "POL"]
[BlackTeamCountry "POL"]

1. c4 g6 2. d4 Bg7 3. e4 d6 4. Nc3 e5 5. Nge2 Nd7 6. Be3 Ngf6 7. f3 0-0 8. Qd2 c6 9. d5 c5 10. g4 a6 11. Ng3 b5 12. h4 Nb6 13. h5 Nxc4 14. Bxc4 bxc4 15. Bh6 Ra7 16. 0-0-0 Bxh6 17. Qxh6 Qe7 18. Rdg1 Kh8 19. hxg6 fxg6 20. Qxg6 Qg7 21. Qxg7+ Rxg7 22. Nf1 Ng8 23. Nd2 a5 24. Nd1 Ba6 25. Ne3 Rb7 26. g5 Rfb8 27. Nexc4 Bxc4 28. Nxc4 Rb4 29. b3 a4 30. Nd2 axb3 31. axb3 c4 32. bxc4 Ra8 33. Kc2 Ra2+ 34. Kc3 Rbb2 35. Rh2 Rc2+ 36. Kd3 Rcb2 37. Rc1 Ne7 38. c5 dxc5 39. Rxc5 Ng6 40. Rc1 Ra3+ 41. Ke2 Nf4+ 42. Kd1 Kg7 43. Nc4 Rxh2 44. Nxa3 Rh1+ 45. Kc2 Rh3 46. Nc4 Rxf3 47. Ra1 Rf2+ 48. Kc3 Re2 49. Ra7+ Kg6 50. Nxe5+ Kxg5 51. Kd4 Rd2+ 52. Ke3 Rd1 53. Nf3+ Kg4 54. Rg7+ Ng6 55. Rxh7 Ra1 56. Rg7 Kh5 57. Nd2 Kg5 58. Rc7 Kf6 59. Rc6+ Kf7 60. Nc4 Rd1 61. Rd6 Ne7 62. Ne5+ Ke8 63. Re6 1-0

[Event "POL-chT2"]
[Site "Poronin"]
[Date "2013.09.12"]
[Round "6.22"]
[White "Pinkas, Karol"]
[Black "Rams, Michal"]
[Result "1/2-1/2"]
[WhiteElo "2286"]
[BlackElo "2249"]
[PlyCount "100"]
[EventDate "2013.09.06"]
[EventType "team-swiss"]
[EventRounds "9"]
[EventCountry "POL"]
[SourceTitle "EXT 2015"]
[Source "ChessBase"]
[SourceDate "2014.11.20"]
[SourceVersion "1"]
[SourceVersionDate "2014.11.20"]
[SourceQuality "1"]
[WhiteTeam "Jaworzno JKSz MCKiS"]
[BlackTeam "Warszawa YMCA"]
[WhiteTeamCountry "POL"]
[BlackTeamCountry "POL"]

1. e4 g6 2. Nf3 Bg7 3. d4 d6 4. Nc3 Nf6 5. Be2 0-0 6. 0-0 Bg4 7. Be3 Nbd7 8. Nd2 Bxe2 9. Qxe2 c6 10. a4 e5 11. dxe5 Nxe5 12. h3 d5 13. Rad1 dxe4 14. Ndxe4 Qc7 15. Nd6 Ne8 16. Nce4 Nxd6 17. Nxd6 Rad8 18. Bc5 b6 19. f4 Nd7 20. Ba3 c5 21. Nb5 Qb8 22. Qe7 Rfe8 23. Qd6 a6 24. Qxb8 Nxb8 25. Nc7 Bd4+ 26. Rxd4 cxd4 27. Nxe8 Rxe8 28. b3 Re2 29. Rf2 Re1+ 30. Kh2 f5 31. Bd6 Nc6 32. Rd2 b5 33. axb5 axb5 34. Kg3 Kf7 35. Kf2 Re4 36. g3 Ke6 37. Bf8 Kd5 38. Bg7 Re7 39. Bxd4 Nxd4 40. c3 Re4 41. cxd4 Rxd4 42. Re2 Kc5 43. Re5+ Kb4 44. Ke2 Rd6 45. g4 fxg4 46. hxg4 Rb6 47. Re3 Ka3 48. f5 Rf6 49. Rf3 b4 50. Kf2 Kb2 1/2-1/2

[Event "POL-chT2"]
[Site "Poronin"]
[Date "2013.09.11"]
[Round "5.10"]
[White "Rams, Michal"]
[Black "Bardeli, Lukasz"]
[Result "1/2-1/2"]
[WhiteElo "2249"]
[BlackElo "2266"]
[PlyCount "80"]
[EventDate "2013.09.06"]
[EventType "team-swiss"]
[EventRounds "9"]
[EventCountry "POL"]
[SourceTitle "EXT 2015"]
[Source "ChessBase"]
[SourceDate "2014.11.20"]
[SourceVersion "1"]
[SourceVersionDate "2014.11.20"]
[SourceQuality "1"]
[WhiteTeam "Warszawa YMCA"]
[BlackTeam "Gniezno LKS Chrobry"]
[WhiteTeamCountry "POL"]
[BlackTeamCountry "POL"]

1. d4 Nf6 2. Nf3 g6 3. Bf4 Bg7 4. e3 0-0 5. Be2 d6 6. h3 Nc6 7. 0-0 Qe8 8. Bh2 e5 9. dxe5 Nxe5 10. Nc3 Bd7 11. Nxe5 dxe5 12. e4 Rd8 13. Qc1 Bc6 14. Qe3 Rd4 15. Bd3 Nh5 16. Be2 Nf4 17. Bxf4 exf4 18. Qxf4 Rb4 19. Bd3 Rxb2 20. Nd5 Bxd5 21. exd5 Be5 22. Qe3 Bd6 23. Qxe8 Rxe8 24. Rfb1 Rxb1+ 25. Rxb1 b6 26. Kf1 Re5 27. c4 Kf8 28. Re1 Ke7 29. Rxe5+ Bxe5 30. Ke2 Kd6 31. Bc2 Kc5 32. Kd3 Kb4 33. a4 a5 34. Bd1 Ba1 35. Bc2 Kc5 36. Bd1 Kd6 37. Bc2 Ke5 38. f3 Kf4 39. Ke2 Bd4 40. Bb1 Kg3 1/2-1/2

[Event "POL-chT 1st League"]
[Site "Poronin"]
[Date "2012.09.??"]
[Round "3"]
[White "Rams, Michal"]
[Black "Swicarz, Maciej"]
[Result "1-0"]
[WhiteElo "2244"]
[BlackElo "2259"]
[PlyCount "115"]
[EventDate "2012.09.01"]
[EventType "team-tourn"]
[EventRounds "9"]
[EventCountry "POL"]
[SourceTitle "EXT 2013"]
[Source "ChessBase"]
[SourceDate "2012.11.22"]
[SourceVersion "1"]
[SourceVersionDate "2012.11.22"]
[SourceQuality "1"]
[WhiteTeam "Warszawa YMCA"]
[BlackTeam "Wroclaw Polonia"]
[WhiteTeamCountry "POL"]
[BlackTeamCountry "POL"]

1. e4 d6 2. d4 Nf6 3. Nc3 e5 4. dxe5 dxe5 5. Qxd8+ Kxd8 6. Bg5 Be6 7. f4 exf4 8. Nge2 h6 9. Bxf6+ gxf6 10. Nxf4 Bd6 11. Nxe6+ fxe6 12. Bc4 Ke7 13. 0-0 Nd7 14. Ne2 Rag8 15. Nf4 Rg4 16. g3 Rhg8 17. Bxe6 Bxf4 18. Bxg4 Be3+ 19. Kg2 Ne5 20. Bf5 a5 21. Rad1 Bc5 22. Rd5 Bd6 23. b3 b6 24. Kh1 Nc6 25. Rd2 Rg7 26. Bh3 Rh7 27. Rf5 Rh8 28. Rh5 Ne5 29. Bf5 Nc6 30. g4 Ne5 31. Rg2 Nf7 32. Rd2 Rg8 33. a4 Rg7 34. e5 fxe5 35. h4 Kf6 36. Kg2 Rg8 37. Rf2 Rh8 38. Bd3+ Kg7 39. g5 Be7 40. gxh6+ Nxh6 41. Kh3 Bd8 42. Rg2+ Kf8 43. Rg6 Nf7 44. Rxh8+ Nxh8 45. Re6 Nf7 46. Bg6 Nd6 47. Rxe5 Bf6 48. Re6 Bd8 49. h5 Kg7 50. Kg4 Bf6 51. Be8 Bd8 52. h6+ Kg8 53. Bg6 Kf8 54. Kh5 Kg8 55. Bd3 Kf7 56. Rg6 Bf6 57. h7 Ke7 58. Rxf6 1-0

[Event "POL-chT 2nd League"]
[Site "Mrzezyno"]
[Date "2011.09.10"]
[Round "8.17"]
[White "Rams, Michal"]
[Black "Smolka, Marcin"]
[Result "0-1"]
[WhiteElo "2272"]
[BlackElo "1891"]
[PlyCount "86"]
[EventDate "2011.09.03"]
[EventType "team-swiss"]
[EventRounds "9"]
[EventCountry "POL"]
[SourceTitle "EXT 2019"]
[Source "ChessBase"]
[SourceDate "2018.10.10"]
[SourceVersion "1"]
[SourceVersionDate "2018.10.10"]
[SourceQuality "1"]
[WhiteTeam "Warszawa YMCA"]
[BlackTeam "Rybnik MKSz"]
[WhiteTeamCountry "POL"]
[BlackTeamCountry "POL"]

1. e4 e5 2. Nf3 Nc6 3. Bb5 a6 4. Bxc6 dxc6 5. 0-0 Ne7 6. Nxe5 Qd4 7. Qh5 g6 8. Qg5 Bg7 9. Nf3 Qxe4 10. Re1 Qb4 11. c3 Qd6 12. d4 h6 13. Qh4 Bf6 14. Qe4 Bf5 15. Qe2 0-0-0 16. Nbd2 g5 17. Nc4 Qe6 18. Qf1 Qd5 19. b4 Rde8 20. a4 g4 21. Nfe5 Ng6 22. Ne3 Qe6 23. Nxf7 Qxf7 24. Nxf5 Rxe1 25. Qxe1 Re8 26. Qd1 Qe6 27. Ne3 h5 28. Nf1 Nh4 29. Ne3 Bg5 30. Bd2 Rg8 31. Kh1 Bf4 32. Qc2 Kb8 33. Qa2 Qg6 34. Rg1 Rf8 35. Qb1 Qf6 36. Qe4 Bxh2 37. Kxh2 Nf3+ 38. Qxf3 gxf3 39. g3 h4 40. g4 Rg8 41. Nf5 Qe6 42. Kh3 Qe2 43. Be3 Re8 0-1

[Event "POL-chT 2nd League"]
[Site "Mrzezyno"]
[Date "2011.09.07"]
[Round "5.23"]
[White "Rams, Michal"]
[Black "Mazalon, Mariusz"]
[Result "1/2-1/2"]
[WhiteElo "2272"]
[BlackElo "2023"]
[PlyCount "82"]
[EventDate "2011.09.03"]
[EventType "team-swiss"]
[EventRounds "9"]
[EventCountry "POL"]
[SourceTitle "EXT 2015"]
[Source "ChessBase"]
[SourceDate "2014.11.20"]
[SourceVersion "1"]
[SourceVersionDate "2014.11.20"]
[SourceQuality "1"]
[WhiteTeam "Warszawa YMCA"]
[BlackTeam "Bydgoszcz Chemik"]
[WhiteTeamCountry "POL"]
[BlackTeamCountry "POL"]

1. d4 Nf6 2. Bg5 e6 3. e4 h6 4. Bxf6 Qxf6 5. c3 g6 6. Bd3 d6 7. Ne2 e5 8. 0-0 Bg7 9. f4 exd4 10. cxd4 Nc6 11. e5 dxe5 12. dxe5 Qe7 13. Nbc3 Be6 14. Be4 Rd8 15. Bxc6+ bxc6 16. Qa4 Qc5+ 17. Kh1 0-0 18. Rad1 Bc4 19. Qc2 Ba6 20. Rxd8 Rxd8 21. Rd1 Rxd1+ 22. Qxd1 g5 23. fxg5 Qxe5 24. gxh6 Bxh6 25. Nd4 Bb7 26. Nf3 Qe3 27. Qd8+ Kg7 28. Qxc7 Qc1+ 29. Ng1 Qxb2 30. Qg3+ Kh7 31. Qd3+ Kg8 32. Qd8+ Kg7 33. Qd4+ Kh7 34. Qd3+ Kg8 35. Qd8+ Kg7 36. Qd4+ Kh7 37. h4 c5 38. Qd3+ Kg7 39. Qg3+ Kh7 40. Qd3+ Kg7 41. Qg3+ Kh7 1/2-1/2

[Event "POL-chT 2nd League"]
[Site "Mrzezyno"]
[Date "2011.09.05"]
[Round "3.23"]
[White "Sroka, Janusz"]
[Black "Rams, Michal"]
[Result "1-0"]
[WhiteElo "2080"]
[BlackElo "2272"]
[PlyCount "71"]
[EventDate "2011.09.03"]
[EventType "team-swiss"]
[EventRounds "9"]
[EventCountry "POL"]
[SourceTitle "EXT 2015"]
[Source "ChessBase"]
[SourceDate "2014.11.20"]
[SourceVersion "1"]
[SourceVersionDate "2014.11.20"]
[SourceQuality "1"]
[WhiteTeam "Gliwice Roszada Sikornik"]
[BlackTeam "Warszawa YMCA"]
[WhiteTeamCountry "POL"]
[BlackTeamCountry "POL"]

1. e4 g6 2. d4 Bg7 3. Nc3 d6 4. f4 a6 5. Nf3 b5 6. Bd3 Nd7 7. a4 b4 8. Ne2 c5 9. c3 Bb7 10. 0-0 bxc3 11. bxc3 Ngf6 12. e5 Nd5 13. Kh1 0-0 14. Qe1 Nc7 15. Qh4 e6 16. Qh3 Rb8 17. Ba3 Qe7 18. Ng3 Bxf3 19. Rxf3 d5 20. f5 exf5 21. Nxf5 Qe6 22. Qh4 Rfe8 23. Nh6+ Bxh6 24. Qxh6 Re7 25. Raf1 Rb3 26. Bf5 gxf5 27. Rg3+ Qg6 28. Rxg6+ fxg6 29. Qg5 Re8 30. Bxc5 Ne6 31. Qd2 Nexc5 32. dxc5 Rxe5 33. c6 Nb6 34. c7 Kf8 35. Qd4 Re8 36. g4 1-0

[Event "POL-chT 1st League"]
[Site "Katowice"]
[Date "2010.09.07"]
[Round "4"]
[White "Wandzik, Wojciech"]
[Black "Rams, Michal"]
[Result "1/2-1/2"]
[WhiteElo "2199"]
[BlackElo "2281"]
[PlyCount "105"]
[EventDate "2010.09.04"]
[EventType "team-tourn"]
[EventRounds "9"]
[EventCountry "POL"]
[SourceTitle "EXT 2019"]
[Source "ChessBase"]
[SourceDate "2018.10.10"]
[SourceVersion "1"]
[SourceVersionDate "2018.10.10"]
[SourceQuality "1"]
[WhiteTeam "Gliwice Politechnika Slaska"]
[BlackTeam "Warszawa YMCA"]
[WhiteTeamCountry "POL"]
[BlackTeamCountry "POL"]

1. e4 g6 2. d4 Bg7 3. Nc3 d6 4. Be3 a6 5. Qd2 Nd7 6. f3 b5 7. Nh3 Bb7 8. a4 b4 9. Nd1 c5 10. c3 bxc3 11. bxc3 Qa5 12. Bd3 Ngf6 13. Nhf2 0-0 14. d5 e6 15. dxe6 fxe6 16. 0-0 d5 17. Bh6 Ne5 18. Bxg7 Kxg7 19. Qe3 Rae8 20. Re1 Bc6 21. Qe2 Nfd7 22. Qc2 d4 23. Bf1 Rb8 24. Nd3 c4 25. Nxe5 Nxe5 26. Qd2 d3 27. f4 Qc5+ 28. Kh1 Ng4 29. g3 e5 30. Bh3 Nf6 31. Bg2 Rb3 32. Nf2 Rfb8 33. Ra2 Rb1 34. Nd1 a5 35. f5 R8b3 36. fxg6 hxg6 37. h3 Ra3 38. Rxa3 Qxa3 39. Qg5 Qd6 40. Kh2 Bxa4 41. Ne3 Qb6 42. Nxc4 Qb3 43. Nxe5 Be8 44. Nxd3 Rxe1 45. Nxe1 a4 46. Nf3 a3 47. e5 Ng8 48. Nd4 Qxc3 49. Ne6+ Kf7 50. Nd8+ Kg7 51. Ne6+ Kf7 52. Nd8+ Kg7 53. Ne6+ 1/2-1/2

[Event "POL-chT 1st League"]
[Site "Katowice"]
[Date "2010.09.06"]
[Round "3"]
[White "Skalski, Michal"]
[Black "Rams, Michal"]
[Result "1/2-1/2"]
[WhiteElo "2447"]
[BlackElo "2281"]
[PlyCount "76"]
[EventDate "2010.09.04"]
[EventType "team-tourn"]
[EventRounds "9"]
[EventCountry "POL"]
[SourceTitle "EXT 2019"]
[Source "ChessBase"]
[SourceDate "2018.10.10"]
[SourceVersion "1"]
[SourceVersionDate "2018.10.10"]
[SourceQuality "1"]
[WhiteTeam "Pultusk Nadnarwianka"]
[BlackTeam "Warszawa YMCA"]
[WhiteTeamCountry "POL"]
[BlackTeamCountry "POL"]

1. Nf3 g6 2. c4 Bg7 3. Nc3 d6 4. g3 e5 5. Bg2 Nc6 6. 0-0 Nf6 7. d3 0-0 8. Rb1 a5 9. a3 Re8 10. Bg5 h6 11. Bxf6 Bxf6 12. b4 axb4 13. axb4 Bg7 14. Ne1 Ne7 15. Nc2 c6 16. b5 Be6 17. Nb4 Qd7 18. Qc2 Bh3 19. Qb3 Bxg2 20. Kxg2 Nf5 21. Rfc1 Nd4 22. Qd1 h5 23. e3 Ne6 24. h4 f5 25. Qf3 Rac8 26. Na4 Qc7 27. Qd1 f4 28. Nc3 fxe3 29. fxe3 Bh6 30. Qe2 Ng7 31. Nc2 Nf5 32. Rf1 Rf8 33. bxc6 bxc6 34. e4 Nd4 35. Nxd4 exd4 36. Rxf8+ Rxf8 37. Nd1 Qa7 38. Nf2 Be3 1/2-1/2

[Event "POL-chT 1st League"]
[Site "Ustron"]
[Date "2009.09.14"]
[Round "3"]
[White "Rams, Michal"]
[Black "Dudzinski, Pawel"]
[Result "1/2-1/2"]
[WhiteElo "2271"]
[BlackElo "2269"]
[PlyCount "46"]
[EventDate "2009.09.12"]
[EventType "team-swiss"]
[EventRounds "9"]
[EventCountry "POL"]
[SourceTitle "CBM 132 Extra"]
[Source "ChessBase"]
[SourceDate "2009.11.03"]
[SourceVersion "1"]
[SourceVersionDate "2009.11.03"]
[SourceQuality "1"]
[WhiteTeam "Warszawa YMCA"]
[BlackTeam "Ostrow Wielkopolski"]
[WhiteTeamCountry "POL"]
[BlackTeamCountry "POL"]

1. e4 c6 2. d4 d5 3. Nc3 g6 4. h3 Bg7 5. Nf3 Nh6 6. Bd3 0-0 7. Qe2 dxe4 8. Nxe4 Nf5 9. c3 Nd7 10. Bf4 Nf6 11. Nxf6+ Bxf6 12. 0-0 Nd6 13. Be5 Bf5 14. Bxf6 exf6 15. Rfe1 Qd7 16. Bxf5 Nxf5 17. Qc4 Rfe8 18. Rxe8+ Rxe8 19. Re1 Rxe1+ 20. Nxe1 Qe6 21. Qxe6 fxe6 22. Nd3 Kf7 23. Kf1 g5 1/2-1/2

[Event "POL-chT 1st League"]
[Site "Ustron"]
[Date "2009.09.13"]
[Round "2"]
[White "Stepien, Marcin"]
[Black "Rams, Michal"]
[Result "1/2-1/2"]
[WhiteElo "2111"]
[BlackElo "2271"]
[PlyCount "33"]
[EventDate "2009.09.12"]
[EventType "team-swiss"]
[EventRounds "9"]
[EventCountry "POL"]
[SourceTitle "CBM 132 Extra"]
[Source "ChessBase"]
[SourceDate "2009.11.03"]
[SourceVersion "1"]
[SourceVersionDate "2009.11.03"]
[SourceQuality "1"]
[WhiteTeam "Wroclaw AZS Politechnika"]
[BlackTeam "Warszawa YMCA"]
[WhiteTeamCountry "POL"]
[BlackTeamCountry "POL"]

1. e4 g6 2. d4 Bg7 3. Nf3 d6 4. Nc3 a6 5. a4 b6 6. Bc4 e6 7. 0-0 Ne7 8. Bf4 h6 9. Qd2 Bb7 10. Rfe1 Nd7 11. Rad1 g5 12. Bg3 Ng6 13. h3 0-0 14. Bb3 e5 15. Nd5 Rb8 16. c3 Bxd5 17. Bxd5 1/2-1/2